| 000 | 00460nam a2200157 i 4500 | ||
|---|---|---|---|
| 001 | 81898 | ||
| 003 | ES-MaACL | ||
| 005 | 20230906174531.0 | ||
| 007 | t| | ||
| 008 | 041108s1916 sp ||||1| spa d | ||
| 100 | 1 |
_aIglesias Figueroa, Fernando. _965112 |
|
| 245 | 1 | 0 |
_aTristeza _b: poesÃas / _cFernando Iglesias Figueroa. |
| 260 |
_a[S.l.] : _bRenovación, _c1916 ( _eMadrid : _fHispano-Africana) |
||
| 300 |
_a32 p. ; _c19 cm. |
||
| 852 |
_aES-MaACL _j1482-F-4 |
||
| 999 |
_c81898 _d81898 |
||